| 000 | 00605nam a22001817a 4500 | ||
|---|---|---|---|
| 005 | 20240321145640.0 | ||
| 010 | _aENG-139828 | ||
| 020 |
_a9789390746422 _c949.00 |
||
| 035 | _aEN-123360 | ||
| 037 | _bDBAD/PUB | ||
| 245 |
_aGovernance Framework For A New Africa/ _cEdited By Peter Odhiambo Ndege ..[et.al] |
||
| 260 |
_aBelgharia _bExceller Books |
||
| 270 |
_aG1, Dream Apartment , Degree College _bKolkata _e700056 |
||
| 300 |
_a281pg; _c24cm(Pbk) |
||
| 710 |
_aMicheal Mawa _eEditor _963792 |
||
| 710 |
_aThomas Otieno Juma _eEditor _963793 |
||
| 942 |
_2ddc _cEN _h320.966032 _mGOV |
||
| 999 |
_c201713 _d201713 |
||